|
|
|
|
| LEADER |
00000nab a2200000ua 4500 |
| 001 |
vtls010789648 |
| 003 |
SK-MaSNL |
| 005 |
20260303193453.0 |
| 008 |
230214s1964 xo |||||||||||||||||slo| |
| 035 |
|
|
|a (urnnbn)urn:nbn:sk:snk:ar-a0386v
|
| 035 |
|
|
|a (uuid)17ac607a-cb58-47bb-a213-8184e8cc0fa7
|
| 035 |
|
|
|a urn:nbn:sk:snk-ab54rm
|
| 040 |
|
|
|a SNKBUCL
|b slo
|c SNKBUCL
|e AACR2
|
| 041 |
0 |
|
|a slo
|
| 044 |
|
|
|a xo
|c SK
|
| 100 |
1 |
|
|a Miček, František,
|d 1915-1994
|4 aut
|9 234138
|
| 245 |
1 |
0 |
|a SKÚSENOSTI S PEROPERAČNOU RÁDIOMANOMETRIOU NA HEPATOBILIÁRNOM TRAKTE
|c F. Miček, J. M. Bencúr
|
| 700 |
1 |
|
|a Bencúr, Ján Matej,
|d 1923-1990
|4 aut
|9 169828
|
| 773 |
0 |
|
|t Bratislavské lekárske listy
|g Roč. 44, č. 7 (1964), s. 410-421
|
| 954 |
|
|
|a odborná, vedecká literatúra pôvodná (slovenská)
|2 lita
|
| 958 |
|
|
|a OND
|
| 958 |
|
|
|a EUIPO
|
| 958 |
|
|
|a article3
|
| 999 |
|
|
|c 2152575
|d 2154505
|